Viajes de extranjeros por España y Portugal (Record no. 7933)

MARC details
000 -CABECERA
campo de control de longitud fija 00811nam a2200241 a 4500
001 - NÚMERO DE CONTROL
campo de control BRCA_8265
005 - FECHA Y HORA DE LA ÚLTIMA TRANSACCIÓN
campo de control 20190320210213.0
008 - DATOS DE LONGITUD FIJA--INFORMACIÓN GENERAL
campo de control de longitud fija 060614s1878----sp-####f##---#001-0#spa-#
041 ## - CÓDIGO DE LENGUA
Código de lengua del texto/banda sonora o título independiente spa
044 ## - CÓDIGO DEL PAÍS DE LA ENTIDAD EDITORA/PRODUCTORA
Código MARC del país sp
050 #4 - SIGNATURA TOPOGRÁFICA DE LA BIBLIOTECA DEL CONGRESO
Número de clasificación DP43.2
Número de documento/Ítem .L57 1878
100 1# - ENTRADA PRINCIPAL--NOMBRE DE PERSONA
Nombre de persona Liske, Javier
9 (RLIN) 20636
245 10 - MENCIÓN DE TÍTULO
Título Viajes de extranjeros por España y Portugal
Resto del título en los siglos XV, XVI y XVII
Mención de responsabilidad, etc. colección de Javier Liske ; traducidos del original y anotados por F. R.
260 ## - PUBLICACIÓN, DISTRIBUCIÓN, ETC.
Lugar de publicación, distribución, etc. Madrid
Nombre del editor, distribuidor, etc. Casa Editora de Medina
Fecha de publicación, distribución, etc. 1878
300 ## - DESCRIPCIÓN FÍSICA
Extensión 267 p.
Dimensiones 19 cm.
500 ## - NOTA GENERAL
Nota general En lomo: J. Liske, Viajes
500 ## - NOTA GENERAL
Nota general S25
651 #4 - PUNTO DE ACCESO ADICIONAL DE MATERIA--NOMBRE GEOGRÁFICO
Nombre geográfico España
Subdivisión general Descripción y viajes
Subdivisión cronológica Siglos XV, XVI y XVII
9 (RLIN) 20637
651 #4 - PUNTO DE ACCESO ADICIONAL DE MATERIA--NOMBRE GEOGRÁFICO
Nombre geográfico Portugal
Subdivisión general Descripción y viajes
Subdivisión cronológica Siglos XV, XVI y XVII
9 (RLIN) 20638
700 1# - PUNTO DE ACCESO ADICIONAL--NOMBRE DE PERSONA
Nombre de persona F. R.
Término indicativo de función/relación tr.
9 (RLIN) 20639
902 ## - CATALOGADOR
Iniciales GFM
942 ## - ELEMENTOS DE PUNTO DE ACCESO ADICIONAL (KOHA)
Fuente del sistema de clasificación o colocación Library of Congress Classification
Tipo de ítem Koha Libros
Holdings
Estado de retiro Estado de pérdida Estado dañado No para préstamo Localización permanente Ubicación/localización actual Fecha de adquisición Número de inventario Total de préstamos Signatura topográfica completa Código de barras Fecha visto por última vez Precio válido a partir de Tipo de ítem Koha
El ejemplar forma parte de la colección y puede ser consultado según las políticas vigentes.       Biblioteca del Museo Franz Mayer (Rogerio Casas-Alatriste) Biblioteca del Museo Franz Mayer (Rogerio Casas-Alatriste) 06/06/2014 S25   DP43.2 .L57 1878 (S25) 8889 22/03/2019 22/03/2019 Libros